[Event "Druzynowe Mistrzostwa Polski Juniorow - II liga"]
[Site "Sypniewo k. Jastrowia"]
[Date "2023-06-18"]
[Round "5.40"]
[White "Rabiej, Mateusz"]
[Black "Wasilewski, Dawid"]
[Result "1-0"]
[WhiteTitle "II"]
[BlackTitle "II"]
[WhiteElo "1243"]
[BlackElo "1145"]

1. d4 2. Nf6 3. c4 4. c5 5. e3 6. d6 7. Nf3 Bg4 8. Be2 9. g6 10. dxc5 11. Qa5+
12. Bd2 13. Qxc5 14. Nc3 15. Bg7 16. Qb3 17. Nbd7 18. Qxb7 19. Rb8 20. Qa6 21.
O-O 22. O-O 23. Qc7 24. Nb5 25. Qc5 26. b3 27. Ne4 28. Rad1 29. Ng5 30. Nfd4 31.
Bxe2 32. Nxe2 33. Ne6 34. Qxa7 35. Qxa7 36. Nxa7 37. Ra8 38. Nc6 39. Rfe8 40.
Nb4 41. Ndc5 42. Bc3 43. Reb8 44. Nc6 45. Rb7 46. Bxg7 47. Kxg7 48. b4 49. Ne4
50. Ra1 51. Nd8 52. Ned4 53. Nxc6 54. Nxc6 55. Rc8 56. b5 57. Nc5 58. a4 59. Ne6
60. a5 61. Nd8 62. a6 Rd7 63. Nxd8 64. Rcxd8 65. b6 66. Rb8 67. Rfb1 68. Rc8 69.
b7 70. Rb8 71. a7 72. Rbxb7 73. Rxb7 74. Rxb7 75. a8=Q 76. Rb2 77. Qa7 78. Rd2
79. Qxe7 80. h6 81. h4 82. h5 83. Ra7 84. Rd1+ 85. Kh2 86. Rh1+ 87. Kxh1 88. Kh6
89. Qf8+ 90. Kh7 91. Rxf7# 1-0

[Event "Druzynowe Mistrzostwa Polski Juniorow - II liga"]
[Site "Sypniewo k. Jastrowia"]
[Date "2023-06-18"]
[Round "5.42"]
[White "Ejsymont, Blanka"]
[Black "Kalata, Julia"]
[Result "1-0"]
[WhiteTitle "I++"]
[BlackTitle "I"]
[WhiteElo "1444"]
[BlackElo "1061"]

1. e4 2. c5 3. Nf3 4. a6 5. d4 6. cxd4 7. Nxd4 8. Nf6 9. Bd3 10. e5 11. Nf3 12.
Nc6 13. O-O 14. Be7 15. Nc3 16. d5 17. exd5 18. Nxd5 19. Nxd5 20. Qxd5 21. Qe2
22. Bg4 23. Be4 24. Bxf3 25. Qxf3 26. Qe6 27. Be3 28. O-O 29. Rfd1 30. Rad8 31.
b3 32. Kh8 33. g4 34. Bb4 35. Bb6 36. Bc3 37. Bf5 38. Qh6 39. Qxc3 40. Rde8 41.
Qg3 42. g5 43. Bc5 44. Rg8 45. Bd7 46. Rb8 1-0

[Event "Druzynowe Mistrzostwa Polski Juniorow - II liga"]
[Site "Sypniewo k. Jastrowia"]
[Date "2023-06-18"]
[Round "5.43"]
[White "Stanislawski, Karol"]
[Black "Krasniewski, Szymon"]
[Result "1/2-1/2"]
[WhiteTitle "I"]
[BlackTitle "I"]
[WhiteElo "1758"]
[BlackElo "1856"]

1. d4 2. g6 3. c4 4. Bg7 5. Nc3 6. d6 7. e4 8. Nf6 9. f4 10. O-O 11. Nf3 12. Na6
13. Bd3 c5 14. d5 15. e6 16. dxe6 17. Bxe6 18. f5 19. Bd7 20. O-O 21. Bc6 22.
Nd5 23. Bxd5 24. exd5 25. Nc7 26. Rb1 27. b5 28. b3 29. Rb8 30. Bb2 31. bxc4 32.
bxc4 33. Rxb2 34. Rxb2 35. Nfxd5 36. Qc1 37. Bxb2 38. Qxb2 39. Nf4 40. Qd2 41.
Nxd3 42. Qxd3 43. d5 44. Ne5 45. dxc4 46. Qxc4 47. Qd4+ 48. Qxd4 49. cxd4 50.
Rd1 51. Nb5 52. Nc6 53. gxf5 54. Kf1 55. Kg7 56. a4 57. Nc3 58. Rxd4 59. Rc8 60.
Nxa7 61. Ra8 62. Nb5 63. Rxa4 64. Rxa4 65. Nxa4 66. Kf2 67. Nc5 68. Kf3 69. Kg6
70. Nd4 71. Kg5 72. g3 73. Ne6 74. Ne2 75. Kf6 76. Ke3 77. Ke5 78. Kf3 79. Nf8
80. Nc1 81. Ng6 82. Ne2 83. h5 84. Ke3 85. h4 86. Kf3 87. hxg3 88. hxg3 89. Kf6
90. Ng1 91. Ne5+ 92. Kg2 93. Ke6 94. Kf2 95. Kd5 96. Ke3 97. Ke6 98. Kf2 99. Ng6
100. Kf3 101. Ke5 102. Ne2 103. f6 104. Ke3 105. f4+ 1/2-1/2

[Event "Druzynowe Mistrzostwa Polski Juniorow - II liga"]
[Site "Sypniewo k. Jastrowia"]
[Date "2023-06-18"]
[Round "5.44"]
[White "Krasniewski, Maciej"]
[Black "Gorecki, Michal"]
[Result "1/2-1/2"]
[WhiteTitle "I"]
[BlackTitle "II+"]
[WhiteElo "1696"]
[BlackElo "1509"]

1. d4 2. Nf6 3. c4 4. g6 5. Nc3 6. Bg7 7. e4 8. d6 9. f3 10. O-O 11. Be3 12. c5
13. d5 14. e6 15. Nge2 16. exd5 17. cxd5 18. Nbd7 19. Nc1 20. Rb8 21. Be2 22.
a6 23. a4 24. Qe7 25. O-O 26. Ne8 27. Qd2 28. Nc7 29. Nb3 30. Re8 31. Rfe1 32.
b6 33. Bf4 34. Bb7 35. Bf1 36. Rbd8 37. Bg3 38. Nf8 39. f4 40. Qd7 41. Rad1 42.
b5 43. Na5 44. Ba8 45. b3 46. Rb8 47. axb5 48. axb5 49. Na2 50. b4 51. Kh1 52.
Kh8 53. Nc6 54. Rb6 55. Na5 56. Rbb8 57. Nc6 58. Rb6 59. Na5 60. Rbb8 61. Nc6
62. Rb6 1/2-1/2

[Event "Druzynowe Mistrzostwa Polski Juniorow - II liga"]
[Site "Sypniewo k. Jastrowia"]
[Date "2023-06-18"]
[Round "5.45"]
[White "Szeszycki, Jan"]
[Black "Rzap, Filip"]
[Result "1/2-1/2"]
[WhiteTitle "II"]
[BlackTitle "II+"]
[WhiteElo "1218"]
[BlackElo "1511"]

1. e4 2. c5 3. Nf3 4. d6 5. d4 6. cxd4 7. Nxd4 8. Nf6 9. Nc3 10. a6 11. g3 12.
e5 13. Nb3 14. Be6 15. Bg2 16. Be7 17. O-O 18. O-O 19. f4 20. b5 21. Nd5 22. Bxd5
23. exd5 24. exf4 25. Bxf4 26. Nbd7 27. Nd4 28. Re8 29. Nc6 30. Qb6+ 31. Kh1 32.
Bf8 33. Qf3 34. Qc7 35. Rfe1 36. Nb6 37. Qd3 38. Rac8 39. Rxe8 40. Rxe8 41. c3
42. g6 43. Nb4 44. Na4 45. Qd2 46. Nc5 47. Re1 48. Nfe4 49. Bxe4 50. Nxe4 51.
Qc2 52. f5 53. Kg2 54. Qf7 55. Qd1 56. Nc5 57. Rxe8 58. Qxe8 59. Qf3 60. Qe4 61.
Qxe4 62. fxe4 63. Be3 64. Na4 65. Nxa6 66. Nxb2 67. Nc7 68. Nd1 69. Bd2 70. e3
1/2-1/2

[Event "Druzynowe Mistrzostwa Polski Juniorow - II liga"]
[Site "Sypniewo k. Jastrowia"]
[Date "2023-06-18"]
[Round "5.47"]
[White "Oszutowska, Anna"]
[Black "Wasilowska, Anna"]
[Result "1-0"]
[WhiteTitle "I"]
[BlackTitle "III"]
[WhiteElo "1369"]
[BlackElo "1252"]

1. e4 2. g6 3. d4 4. d6 5. Nc3 6. Bg7 7. g3 8. Nf6 9. Bg2 10. O-O 11. Nge2 12.
Nbd7 13. h3 14. e5 15. Be3 16. Re8 17. O-O 18. Rf8 19. Re1 20. Ne8 21. f4 22.
exf4 23. Nxf4 24. Nb6 25. Qd3 26. f5 27. Kh2 28. Nf6 29. a4 30. Re8 31. a5 32.
fxe4 33. Nxe4 34. Bf5 35. axb6 36. cxb6 37. Nxf6+ 38. Qxf6 39. Qb3+ 40. Kh8 41.
Nd5 42. Qf7 43. Bg1 44. Rac8 45. c3 46. Bd3 47. Qd1 48. Bc4 49. Qf3 50. Qd7 51.
Rxe8+ 52. Qxe8 53. Rxa7 54. Qb5 55. Rxb7 56. Qxb2 57. Rxb6 58. Qc2 59. Rxd6 60.
Rf8 61. Qe4 62. Bd3 63. Qe7 Bf1 64. Ne3 65. Qe2 66. Rd8 67. h5 68. Rxf8+ 69. Kh7
70. Rxf1 71. Qd3 72. Rf7 73. Kh6 74. Rxg7 75. g5 76. Qf6+ 77. Qg6 78. Qxg6# 1-0

[Event "Druzynowe Mistrzostwa Polski Juniorow - II liga"]
[Site "Sypniewo k. Jastrowia"]
[Date "2023-06-18"]
[Round "5.49"]
[White "Nowicki, Bartosz"]
[Black "Skrzypinski, Jan"]
[Result "0-1"]
[WhiteTitle "II+"]
[BlackTitle "I"]
[WhiteElo "1687"]
[BlackElo "1862"]

1. c4 2. e5 3. Nc3 4. Nc6 5. g3 6. h5 7. h4 8. d6 9. Bg2 10. Be6 11. d3 12. Be7
13. Nf3 14. Nh6 15. a3 16. Qd7 17. b4 18. Nf5 19. b5 20. Nd8 21. e4 22. Nh6 23.
Bg5 24. f6 25. Bd2 26. Ng4 27. O-O 28. Nf7 29. Qe2 30. g5 31. Nd1 32. Rg8 33.
a4 34. Ngh6 35. Ne3 36. Bg4 37. Nxg4 38. hxg4 39. Ne1 40. gxh4 41. gxh4 42. c6
43. Nc2 44. f5 45. bxc6 46. bxc6 47. f4 48. gxf3 49. Rxf3 50. f4 51. Be1 52. Qg4
53. Kf1 54. Bxh4 55. Bxh4 56. Qxh4 57. Rh3 58. Qf6 59. Bf3 60. Rb8 61. Ne1 62.
Ng5 63. Rh1 64. Ne6 65. Qh2 66. Nf7 67. Bh5 68. Nd4 69. Nf3 70. Nxf3 71. Bxf3
72. Rh8 73. Qf2 74. Rxh1+ 75. Bxh1 76. c5 77. Bf3 78. Ke7 79. Ra2 80. Rb1+ 81.
Ke2 82. Nd8 83. Kd2 84. Nc6 85. Kc2 86. Rb4 87. Rb2 88. Nd4+ 89. Kb1 90. Rxb2+
91. Kxb2 92. Qh8 93. Kc1 94. Qh3 95. Be2 96. Qg3 97. Qf1 98. Qe3+ 99. Kd1 100.
f3 101. Bxf3 102. Qxf3+ 0-1

[Event "Druzynowe Mistrzostwa Polski Juniorow - II liga"]
[Site "Sypniewo k. Jastrowia"]
[Date "2023-06-18"]
[Round "5.50"]
[White "Kaczmarek, Jan"]
[Black "Nawrocki, Michal"]
[Result "0-1"]
[WhiteTitle "II+"]
[BlackTitle "I"]
[WhiteElo "1574"]
[BlackElo "1595"]

1. d4 2. Nf6 3. Bf4 4. d5 5. e3 6. c5 7. c3 8. Nc6 9. h3 10. Qb6 11. Qb3 12. c4
13. Qxb6 14. axb6 15. Na3 16. e5 17. Nb5 18. Ra5 19. Nc7+ 20. Kd7 21. dxe5 22.
Nh5 23. Nxd5 24. Rxd5 25. Bxc4 26. Rc5 27. Bxf7 28. Nxf4 29. exf4 30. g5 31. g3
32. gxf4 33. gxf4 34. Bh6 35. Ne2 36. Nd8 37. b4 38. Rc7 39. Bb3 40. Ke7 41. Rd1
42. Rf8 43. Rg1 44. Rd7 45. Nd4 46. Rxf4 47. Bc2 48. Nc6 49. Rg8 50. Rf8 51. Bxh7
52. Nxe5 53. Rg3 54. Bf4 55. Rg7+ 56. Kf6 57. Rxd7 Bxd7 58. Be4 59. Bxh3 60. Ne2
61. Ke7 62. Bxb7 63. Bg5 64. Rd5 65. Nf3+ 66. Kd1 67. Be6 68. Rd3 69. Ne5 70.
Rg3 71. Rd8+ 72. Nd4 73. Bf4 74. Rg7+ 75. Kf6 76. Kc2 77. Rxd4 78. cxd4 79. Kxg7
80. dxe5 81. Bxa2 82. Kd3 83. Bxe5 84. b5 85. Kf6 86. Ke4 87. Bc4 88. Bc6 89.
Ke6 90. f4 91. Bf6 92. Be8 93. Bf1 94. Kf3 95. Bh3 96. Kg3 97. Bf5 98. Kf3 99.
Kd5 100. Bc6+ 101. Kc5 102. Be8 103. Bd3 104. Kg4 105. Bxb5 106. Bg6 107. Bd7+
108. f5 109. Kd4 110. Kf4 111. Bc6 112. Bh5 113. b5 0-1

[Event "Druzynowe Mistrzostwa Polski Juniorow - II liga"]
[Site "Sypniewo k. Jastrowia"]
[Date "2023-06-18"]
[Round "5.51"]
[White "Nowicki, Franciszek"]
[Black "Stachowiak, Bruno"]
[Result "1-0"]
[WhiteTitle "II"]
[BlackTitle "II"]
[WhiteElo "1289"]
[BlackElo "1591"]

1. e4 2. d6 3. d4 4. Nf6 5. Nc3 6. g6 7. Be3 8. c6 9. f3 10. Bg7 11. Qd2 12. b5
13. O-O-O 14. O-O 15. g4 16. Qa5 17. Kb1 18. Nbd7 19. Nd5 20. Qd8 21. Nxf6+ 22.
Nxf6 23. h4 24. h5 25. gxh5 26. Nxh5 27. Ne2 28. f5 29. Rg1 30. Qe8 31. Bh6 32.
f4 33. Bxf4 34. Nxf4 35. Nxf4 36. Bh6 37. Rxg6+ 38. Qxg6 39. Nxg6 40. Bxd2 41.
Nxf8 42. Bh6 43. Ng6 44. Kf7 45. h5 46. Bd7 47. Bd3 48. Rg8 49. e5 50. Be3 51.
c3 52. c5 53. dxc5 54. Bxc5 55. b4 56. Be3 57. exd6 58. exd6 59. Be4 60. Rc8 61.
Rxd6 62. Be6 63. Rd3 64. Bg5 65. f4 66. Bf6 67. f5 68. Bc4 69. Rd7+ 70. Kg8 71.
h6 1-0

[Event "Druzynowe Mistrzostwa Polski Juniorow - II liga"]
[Site "Sypniewo k. Jastrowia"]
[Date "2023-06-18"]
[Round "5.52"]
[White "Soroczynski, Mateusz"]
[Black "Kurczewski, Borys"]
[Result "1-0"]
[WhiteTitle "II"]
[BlackTitle "II"]
[WhiteElo "1002"]
[BlackElo "1153"]

1. e4 2. c5 3. Nf3 4. e6 5. d4 6. cxd4 7. Nxd4 8. Nf6 9. Bd3 10. Nc6 11. Nxc6 12.
bxc6 13. O-O 14. Be7 15. h3 16. d5 17. Nd2 18. O-O 19. Re1 20. Re8 21. c4 22.
Bb4 23. e5 24. Nd7 25. a3 26. Bxd2 27. Bxd2 28. Nc5 29. Bf1 30. Ne4 31. Be3 32.
Qc7 33. Bf4 34. Qb6 35. Qc2 36. Rb8 37. b4 38. h6 39. h4 40. Qd4 41. Rad1 42.
Qc3 43. Qa2 44. g5 45. hxg5 Nxg5 46. Bxg5 47. Ba6 48. Bxh6 49. Bxc4 50. Bxc4 51.
Qxc4 52. Qd2 53. Qh4 54. Re3 55. Qxh6 56. Rg3+ 57. Kh7 58. Rh3 59. Qxh3 60. gxh3
61. Rg8+ 62. Kf1 63. Rg6 64. Qf4 65. Kg7 66. Ke2 67. Rh8 68. Rh1 69. Rgh6 70.
h4 71. a6 72. h5 73. Kf8 74. Qg5 75. Ke8 76. f4 77. Kd7 78. f5 79. exf5 80. Qxf5+
81. Ke7 82. Ke3 83. Re6 84. Kd4 85. Rhh6 86. Rf1 87. Kd7 88. Qxf7+ 89. Re7 90.
Qf5+ 91. Ree6 92. Kc5 93. Kc7 94. Qf7+ 95. Kd8 96. Rf6 97. Rexf6 98. exf6 99.
d4 100. Kxc6 101. Rxf6+ 102. Qxf6+ 103. Ke8 104. Kd6 1-0

[Event "Druzynowe Mistrzostwa Polski Juniorow - II liga"]
[Site "Sypniewo k. Jastrowia"]
[Date "2023-06-18"]
[Round "5.53"]
[White "Michalska, Anna-maria"]
[Black "Niemier, Martyna"]
[Result "1-0"]
[WhiteTitle "I"]
[BlackTitle "I"]
[WhiteElo "1382"]
[BlackElo "1373"]

1. c4 2. e5 3. Nc3 4. Nf6 5. g3 6. d6 7. Bg2 8. c6 9. e4 10. Be6 11. d3 12. Be7
13. Nge2 14. O-O 15. O-O 16. Qd7 17. f4 18. Bh3 19. f5 20. Bxg2 21. Kxg2 22. Na6
23. h3 24. Rfd8 25. g4 26. h6 27. Ng3 28. d5 29. cxd5 cxd5 30. g5 31. hxg5 32.
Bxg5 33. dxe4 34. Bxf6 35. Bxf6 36. dxe4 37. Qd2+ 38. Qxd2 39. Rxd2+ 40. Rf2 41.
Rad8 42. Nd5 43. Rxf2+ 44. Kxf2 45. Bh4 46. Rd1 47. Kf8 48. Kf3 49. Nc5 50. Ne2
51. Be7 52. Nec3 53. a6 54. b4 55. Nd7 56. a3 57. Nf6 58. Na4 59. Nxd5 60. Rxd5
61. Rxd5 62. exd5 63. a5 64. Nc5 65. axb4 66. axb4 67. f6 68. Ne6+ 69. Kf7 70.
b5 71. b6 72. Nc7 73. Bd6 74. Ne6 75. Be7 76. h4 77. g6 78. Kg4 79. e4 80. Nd4
81. Bc5 82. fxg6+ 83. Kxg6 84. h5+ 85. Kf7 86. Nf5 87. e3 88. Kf3 89. Ke8 90.
Nxe3 91. Bf8 92. Nf5 93. Kf7 94. Ke4 95. Ke8 96. h6 97. Kf7 98. d6 99. Bxd6 100.
Nxd6+ 101. Kg6 102. Nf5 103. Kh7 104. Kd5 105. Kg8 106. Ke6 107. Kh7 108. Kxf6
109. Kh8 110. Kg6 111. Kg8 112. Ne7+ 113. Kh8 114. Nc8 115. Kg8 116. Nxb6 1-0

[Event "Druzynowe Mistrzostwa Polski Juniorow - II liga"]
[Site "Sypniewo k. Jastrowia"]
[Date "2023-06-18"]
[Round "5.54"]
[White "Kubacka, Patrycja"]
[Black "Bartkowiak, Aleksandra"]
[Result "1-0"]
[WhiteTitle "II"]
[BlackTitle "II"]
[WhiteElo "1069"]
[BlackElo "1135"]

1. e4 2. c5 3. c3 4. d6 5. d4 6. cxd4 7. cxd4 8. Nf6 9. Nc3 10. g6 11. Nf3 12.
Bg7 13. Be2 14. O-O 15. O-O 16. a6 17. Bg5 18. b5 19. e5 20. dxe5 21. dxe5 22.
Nfd7 23. Re1 24. Nxe5 25. Nxe5 26. Bxe5 27. Qxd8 28. Rxd8 29. Bf3 30. Bxc3 31.
bxc3 32. Ra7 33. Rad1 34. Rxd1 35. Rxd1 36. Rd7 37. Re1 38. e6 39. Bf4 40. Rd3
41. Bxb8 42. Rxc3 43. h3 44. Rc2 45. Rd1 46. Kg7 47. g4 48. Rxa2 49. g5 50. f6
51. Rc1 52. Ra3 53. Rc7+ 54. Kf8 55. Rxc8+ 56. Ke7 57. Rc7+ 58. Kd8 59. Bg2 60.
fxg5 61. Rxh7 62. b4 63. Rb7 64. a5 65. Bf1 66. b3 67. Bd6 68. Ra1 69. Rxb3 70.
a4 71. Rb8+ 72. Kd7 73. Be5 74. Kc6 1-0

[Event "Druzynowe Mistrzostwa Polski Juniorow - II liga"]
[Site "Sypniewo k. Jastrowia"]
[Date "2023-06-18"]
[Round "5.55"]
[White "Ciupka, Kamil"]
[Black "Kotula, Pawel"]
[Result "1/2-1/2"]
[WhiteTitle "II"]
[BlackTitle "I"]
[WhiteElo "1619"]
[BlackElo "1798"]

1. d4 2. Nf6 3. c4 4. e6 5. g3 6. d5 7. Bg2 8. b6 9. Nf3 10. Bb7 11. O-O 12. Nbd7
13. Nc3 14. Bd6 15. cxd5 16. Nxd5 17. Nxd5 18. exd5 19. Bg5 20. Be7 21. Bxe7 22.
Qxe7 23. Rc1 24. c6 25. Bh3 26. O-O 27. e3 28. Nf6 29. Nd2 30. Ne4 31. Nxe4 32.
dxe4 33. Qb3 34. Kh8 35. a4 36. f5 37. a5 38. Qd8 39. Qc3 40. Qd5 41. Rfd1 42.
Rf6 43. Bf1 44. Rd8 45. Bc4 46. Qd6 47. Qb3 48. b5 49. Bf1 50. a6 51. Rc5 52.
g6 53. Qc3 54. Kg8 55. b4 56. h6 57. Bg2 58. h5 59. Kf1 60. h4 61. Ke2 62. hxg3
63. hxg3 64. Rf7 65. Rh1 66. Rh7 67. Qb3+ 68. Rf7 69. Rcc1 70. Bc8 71. Rh6 72.
Rf8 73. Qc3 74. Rf6 75. Rch1 76. Be6 77. Qc5 78. Bc4+ 79. Kd2 80. Qxc5 81. bxc5
82. g5 83. Rh8+ 84. Kf7 85. R8h7+ 86. Ke6 87. Rc7 88. Kd5 89. Rd7+ 90. Ke6 91.
Rhh7 92. R8f7 93. Rhxf7 94. Rxf7 95. Rd6+ 96. Ke7 97. Rxc6 98. Rf6 99. Rc7+ 100.
Ke6 101. Kc3 Kd5 102. Re7 103. g4 1/2-1/2

[Event "Druzynowe Mistrzostwa Polski Juniorow - II liga"]
[Site "Sypniewo k. Jastrowia"]
[Date "2023-06-18"]
[Round "5.56"]
[White "Jania, Kamil"]
[Black "Bochenek, Piotr"]
[Result "0-1"]
[WhiteTitle "II"]
[BlackTitle "II"]
[WhiteElo "1130"]
[BlackElo "1294"]

1. e4 c5 2. Nf3 3. Nc6 4. Bb5 5. e5 6. Nc3 7. Bd6 8. d3 9. a6 10. Bc4 11. b5 12.
Bd5 13. Nge7 14. O-O 15. b4 16. Bxc6 17. dxc6 18. Ne2 19. O-O 20. Bg5 21. f6 22.
Be3 23. Ng6 24. Qd2 25. Bg4 26. Ne1 27. Bxe2 28. Qxe2 29. f5 30. Nf3 31. f4 32.
Bd2 33. Nh4 34. Kh1 35. Nxf3 36. Qxf3 37. Rf6 38. g3 39. Ra7 40. Rg1 41. Raf7
42. Rg2 43. fxg3 44. Qxg3 45. Rf3 46. Qg4 47. Rxf2 48. Rxf2 49. Rxf2 50. Rg1 51.
Bf8 52. Qe6+ 53. Kh8 54. Bg5 55. Qc7 56. Bh6 57. Rf6 58. Qxf6 59. gxf6 60. Bxf8
61. Qf7 62. Bg7+ 63. Qxg7 64. Rxg7 65. Kxg7 66. Kg2 67. Kg6 68. Kg3 69. f5 70.
exf5+ 71. Kxf5 72. Kf3 73. c4 74. a4 75. b3 76. cxb3 77. cxd3 78. b4 79. e4+ 80.
Ke3 81. Kg4 0-1

[Event "Druzynowe Mistrzostwa Polski Juniorow - II liga"]
[Site "Sypniewo k. Jastrowia"]
[Date "2023-06-18"]
[Round "5.57"]
[White "Smolinski, Wojciech"]
[Black "Reterski, Wiktor"]
[Result "1-0"]
[WhiteTitle "II"]
[BlackTitle "II"]
[WhiteElo "1472"]
[BlackElo "1310"]

1. e4 2. c5 3. d4 4. cxd4 5. c3 6. e6 7. cxd4 8. a6 9. Nc3 10. Bb4 11. Nf3 12.
Nf6 13. Bd3 14. Qc7 15. Bd2 16. O-O 17. e5 18. Nd5 19. Bxh7+ 20. Kxh7 21. Ng5+
22. Kg6 23. h4 24. Bxc3 25. h5+ 26. Kh6 27. Nxe6+ 28. Bxd2+ 29. Qxd2+ 1-0

[Event "Druzynowe Mistrzostwa Polski Juniorow - II liga"]
[Site "Sypniewo k. Jastrowia"]
[Date "2023-06-18"]
[Round "5.59"]
[White "Trybus, Dominika"]
[Black "Kieca, Aleksandra"]
[Result "1/2-1/2"]
[WhiteTitle "I++"]
[BlackTitle "I++"]
[WhiteElo "1555"]
[BlackElo "1521"]

1. d4 2. d5 3. c4 4. e6 5. Nc3 6. a6 7. cxd5 8. exd5 9. Nf3 10. Nf6 11. Bg5 12.
Be7 13. e3 14. c6 15. Qc2 16. Be6 17. Bd3 18. Nbd7 19. O-O 20. O-O 21. a4 22.
a5 23. Nd2 24. h6 25. Bh4 26. Re8 27. f4 28. Nb8 29. Nf3 30. Ng4 31. Bf2 32. Na6
33. Qe2 34. Nb4 35. Bb1 36. Qc8 37. Ne5 38. Nf6 39. h3 40. Bf5 41. g4 42. Bxb1
43. Raxb1 44. Bd6 45. Qf3 46. Qe6 47. Rbe1 48. Ne4 49. Re2 50. Bxe5 51. fxe5 52.
f6 53. Nxe4 54. dxe4 55. Qxe4 56. fxe5 57. Rfe1 58. exd4 59. exd4 60. Qxe4 61.
Rxe4 62. Rxe4 63. Rxe4 64. Kf7 65. Bg3 66. Nd5 67. Kf2 68. Ra6 69. Bd6 70. Rb6
71. Re2 72. Rb3 73. h4 74. Rd3 75. Be5 76. Nb6 77. Kg2 78. Nxa4 79. Rf2+ 80. Kg6
81. Rf8 82. h5 83. g5 84. Nxb2 85. Rg8 86. a4 87. Rxg7+ 88. Kf5 89. Rf7+ 90. Ke6
91. g6 92. Rd2+ 93. Kg3 94. Rd1 95. Kg2 96. Rd2+ 97. Kg3 98. Rd1 99. Kg2 100.
Rd2+ 1/2-1/2

[Event "Druzynowe Mistrzostwa Polski Juniorow - II liga"]
[Site "Sypniewo k. Jastrowia"]
[Date "2023-06-18"]
[Round "5.60"]
[White "Gorecka, Laura"]
[Black "Zylak, Emilia"]
[Result "1/2-1/2"]
[WhiteTitle "II+"]
[BlackTitle "II"]
[WhiteElo "1158"]
[BlackElo "1061"]

1. e4 2. e5 3. Nf3 4. Nc6 5. Bb5 6. a6 7. Ba4 8. Bc5 9. c3 10. b5 11. Bb3 12. d6
13. d4 14. exd4 15. cxd4 16. Bb6 17. O-O 18. Bg4 19. h3 20. Bh5 21. Re1 22. h6
23. e5 24. dxe5 25. Nxe5 26. Bxd1 27. Nxc6+ 28. Kd7 29. Nxd8 30. Bxb3 31. axb3
32. Kxd8 33. Be3 34. Ne7 35. Nc3 36. Re8 37. Nxb5 38. Kd7 39. Na3 40. Reb8 41.
Nc4 42. Nf5 43. Ne5+ 44. Ke8 45. Nc6 46. Rc8 47. Bxh6+ 48. Kf8 49. Be3 50. Re8
51. Bd2 52. Rxe1+ 53. Rxe1 54. Nxd4 55. Bb4+ 56. Kg8 57. Ne7+ 58. Kh7 59. Re4
60. g5 61. h4 62. gxh4 63. Rxh4+ 64. Kg7 65. Bc3 66. c5 67. Nf5+ 68. Kg6 69. Nxd4
70. cxd4 71. Bxd4 72. Bxd4 73. Rxd4 74. Ra7 75. Kf1 76. Kf5 77. Ke2 78. Ke5 79.
Ke3 80. Rb7 81. f4+ 82. Kf5 83. Rd5+ 84. Ke6 85. Re5+ 86. Kd6 87. Ra5 88. Rxb3+
89. Kd4 90. Rxb2 91. Rxa6+ 92. Ke7 93. g3 94. Rg2 95. Ra7+ 96. Kf6 97. Ra6+ 98.
Kf5 99. Ra5+ 100. Kg4 101. Rg5+ 102. Kf3 103. Rf5 104. Rxg3 105. Rxf7 106. Rg4
107. Ke5 108. Rg6 109. f5 110. Ra6 111. Rd7 112. Kg4 113. f6 114. Kg5 115. f7
116. Ra8 117. Ke6 118. Kg6 119. Ke7 120. Kg7 121. Rd6 122. Ra7+ 123. Ke8 124.
Rxf7 125. Kd8 126. Ra7 127. Rb6 128. Rf7 129. Rb4 130. Ra7 131. Rg4+ 132. Kf7
133. Rh4 134. Kg7 135. Rc4 136. Kf7 137. Kc8 138. Re7 139. Kd8 140. Ra7 141. Rh4
142. Kg7 143. Ke8 144. Kg6 145. Rf4 146. Kg7 147. Rg4+ 148. Kf6 149. Kd8 150.
Ke6 151. Rg6+ 152. Kf7 153. Rh6 154. Kg7 155. Rc6 156. Kf7 157. Rc7+ 158. Rxc7
159. Kxc7 1/2-1/2

[Event "Druzynowe Mistrzostwa Polski Juniorow - II liga"]
[Site "Sypniewo k. Jastrowia"]
[Date "2023-06-18"]
[Round "5.61"]
[White "Doroba, Ludwik"]
[Black "Grzadka, Artur"]
[Result "1-0"]
[WhiteTitle "II"]
[BlackTitle "I"]
[WhiteElo "1420"]
[BlackElo "1770"]

1. d4 2. d5 3. Bf4 4. c5 5. e3 6. Nc6 7. c3 8. Nf6 9. Nd2 10. e6 11. Ngf3 12. Be7
13. h3 14. O-O 15. Bd3 16. Bd7 17. O-O 18. Rc8 19. Ne5 20. Qb6 21. Rb1 22. Rfd8
23. Bh2 24. Nxe5 25. Bxe5 26. Bb5 27. Bxb5 28. Qxb5 29. dxc5 30. Qxc5 31. Nb3
32. Qc4 33. Qd4 34. Qa6 35. a3 36. Nd7 37. Bg3 38. Bf6 39. Qd2 40. Qa4 41. Nd4
42. Nc5 43. Qc2 44. Qxc2 45. Nxc2 46. Ne4 47. Rfd1 48. Nxg3 49. fxg3 50. h5 51.
Rd2 52. Rc4 53. Rbd1 54. b5 55. Nd4 56. Rb8 57. Nb3 58. Rbc8 59. Kf2 60. Ra4 61.
Nd4 62. a6 63. Ra1 64. Rac4 65. Nb3 66. Bd8 67. Rd4 68. Bb6 69. Rxc4 70. Rxc4
71. Nd2 72. Rc7 73. Ke2 74. Bc5 75. Nb3 76. Bd6 77. Kf3 78. Kf8 79. Rd1 80. Ke7
81. Rd4 82. Be5 83. Rb4 84. Kf6 85. e4 86. Bd6 87. Rd4 88. Bxa3 89. Rd2 90. dxe4+
91. Kxe4 92. Rc4+ 93. Kd3 94. Bd6 95. Rf2+ 96. Kg6 97. Rf3 98. Rc7 99. Nd2 100.
Be5 101. Re3 102. Rd7+ 103. Kc2 104. f6 105. Nf3 106. Bxg3 107. Rxe6 108. Bd6
109. Re4 110. Kf7 111. Rd4 112. Ke6 113. Rh4 114. g6 115. Re4+ 116. Be5 117. g4
118. hxg4 119. hxg4 120. Rh7 121. Rxe5+ 122. fxe5 123. Ng5+ 124. Kd5 125. Nxh7
126. Ke4 127. Nf6+ 128. Kf3 129. Kd3 130. a5 131. g5 132. a4 133. Ne4 134. Kf4
135. Nd6 136. Kxg5 137. Ke4 1-0

[Event "Druzynowe Mistrzostwa Polski Juniorow - II liga"]
[Site "Sypniewo k. Jastrowia"]
[Date "2023-06-18"]
[Round "5.62"]
[White "Dysko, Michal"]
[Black "Rumniak, Aleksy"]
[Result "0-1"]
[WhiteTitle "II+"]
[BlackTitle "II"]
[WhiteElo "1500"]
[BlackElo "1272"]

1. e4 2. c5 3. Nf3 4. Nc6 5. d4 6. cxd4 7. Nxd4 8. g6 9. c4 10. Bg7 11. Nc2 12.
Nf6 13. Nc3 14. d6 15. Be2 16. O-O 17. O-O 18. Nd7 19. Be3 20. Nc5 21. f3 22.
Qa5 23. Qd2 24. Na4 25. Nxa4 26. Qxa4 27. Nd4 28. Nxd4 29. Bxd4 30. Be6 31. Bxg7
32. Kxg7 33. Qg5 34. Qc2 35. Rfe1 36. f6 37. Qe3 38. b6 39. b3 40. Qb2 41. f4
42. Qa3 43. f5 44. Bf7 45. Bf3 46. Rac8 47. Kh1 48. Qc5 49. Qd3 50. Qe5 51. Red1
52. g5 53. Qe2 54. h5 55. Bxh5 56. Rh8 57. g4 58. Rxh5 59. gxh5 60. Rh8 61. Re1
62. Bxh5 63. Qf2 64. Bf3+ 65. Kg1 66. Bxe4 67. Rad1 68. Rh4 69. Rd5 70. Rg4+ 71.
Kf1 72. Qc3 73. Re3 74. Qc1+ 75. Ke2 76. Rg2 77. Qxg2 78. Bxg2 79. Rxe7+ 80. Kf8
81. Rd1 82. Bf3+ 0-1